000 00291nam a22001337a 4500
008 170502b xxu||||| |||| 00| 0 eng d
020 _a0306414163
041 _aeng
080 _a343
100 _a14
101 _aSHJ
245 _aDEATH PENALTY
_cHAAG, E & CONRAD, J.P
942 _2udc
_cBK
999 _c12419
_d12419